000 01072cam a2200313 p 4500
999 _c9022
_d9022
001 4129443
003 GBCCL
005 20241126110703.0
008 761014s1975 sz b 001 0 eng
010 _a 76361323
015 _aSw76-1182
020 _c38.00F
040 _aDLC
_cDLC
_dDLC
043 _aa-ii---
050 0 0 _aBV2130
_b.N472 vol. 23
_aBV4647.P6
082 0 0 _a269.2
_bCHE
100 1 _aCherupallikat, Justinian.
_915754
245 1 0 _aWitness potential of evangelical poverty in India /
_cJustinian Cherupallikat.
260 _aImmensee :
_bNouvelle revue de science missionnaire,
_c1975.
300 _axxxii, 215 p. ;
_c23 cm.
440 0 _aNeue Zeitschrift für Missionswissenschaft.
_pSupplementa ;
_vv. 23
_915755
500 _aIncludes index.
504 _aBibliography: p. xvi-xxxii.
650 0 _aPoverty
_xReligious aspects
_xChristianity
_xHistory of doctrines.
_915756
650 0 _aPoverty
_xReligious aspects
_xHinduism.
_915757
650 0 _aPoor
_zIndia.
_915758
906 _a7
_bcbc
_corignew
_du
_encip
_f19
_gy-gencatlg
942 _2ddc
_cBK
_03